[Event "Olympiad-31"]
[Site "Moscow"]
[Date "1994.12.08"]
[Round "7.1"]
[White "Yurtaev, Leonid"]
[Black "Gulko, Boris F"]
[Result "1-0"]
[WhiteElo "2530"]
[BlackElo "2590"]
[Annotator "Horn,Peter"]
[PlyCount "55"]
[EventDate "1994.12.01"]
[EventType "team-swiss"]
[EventRounds "14"]
[EventCountry "RUS"]
[SourceTitle "CBM 045"]
[Source "ChessBase"]
[SourceDate "1995.04.01"]
[SourceVersion "1"]
[SourceVersionDate "1995.04.01"]
[SourceQuality "1"]
[WhiteTeam "Kyrgysztan"]
[BlackTeam "US of America"]
[WhiteTeamCountry "KGZ"]
[BlackTeamCountry "USA"]

1. e4 {Moiseev} e6 2. d3 c5 3. Nf3 Nc6 4. g3 d5 5. Nbd2 Nge7 6. Bg2 g6 7. O-O Bg7 8. Re1 b6 9. c3 (9. e5 Qc7 10. Qe2 g5 11. Nxg5 (11. h3 h5 12. Nxg5 Qxe5 13. Ndf3 Qxe2 14. Rxe2 O-O {Thuesen-Bykhovsky/Kopenhagen/1990}) 11... Qxe5 $132) (9. exd5 $5 {Moiseev N} exd5 10. d4 O-O 11. dxc5 bxc5 12. Nb3 Qb6 13. c3 c4 14. Nbd4 Nxd4 15. Nxd4 Bxd4 16. cxd4 Be6 17. b3 $16 {Oratovsky,M-Kiriakov,P/Vejen/1993/}) 9... Bb7 (9... a5 10. Nf1 (10. e5 Qc7 11. Qe2 g5 12. Nxg5 Qxe5 13. Nde4 $13 {Stanojoski-Jukic/JUG-ch/1990}) 10... dxe4 (10... d4) 11. dxe4 Qxd1 12. Rxd1 a4 13. Rb1 O-O 14. Bf4 $14 {Dolmatov-A.Sokolov/Manila/1990}) (9... O-O 10. e5 Qc7 11. Qe2 g5 12. Nxg5 (12. Bh3 h6 13. Bg4 Ng6 14. d4 cxd4 15. cxd4 Nb4 $17 {Gustafsson-Murugan/Gausdal/1991}) 12... Qxe5 13. Nde4 $13 {Kochetkov-Moskalenko/Alushta1/1994}) (9... Ba6 10. Qa4 Bb7 11. e5 Qd7 12. Qa3 g5 $132 {Ramik-Tibensky/CSR/1992}) 10. e5 ({RR} 10. h4 h6 11. Nf1 d4 12. c4 e5 13. h5 g5 14. a3 Qd7 15. N3h2 O-O 16. Rb1 a6 17. b4 cxb4 18. axb4 b5 19. Nd2 Rfb8 20. Bf3 Bc8 21. Bg4 Qc7 22. Ba3 bxc4 23. Nxc4 Rb5 24. Bxc8 Nxc8 {Van Mil,J (2420)-Van Wely,L (2655) Leeuwarden 1997 1-0 (59)}) ({RR} 10. a3 Qd7 11. Qe2 dxe4 12. dxe4 O-O-O 13. Bf1 h6 14. Nc4 g5 15. h3 Ng6 16. Qc2 Qc7 17. b4 Nce5 18. Nfxe5 Nxe5 19. Nxe5 Qxe5 20. Bb2 h5 21. Rab1 c4 22. Bxc4 h4 23. g4 Qf4 24. Bc1 Qf3 {Lopez del Alamo,A (2275)-Khoroshev,N (2336) chess.com INT 2023 0-1 (58)}) 10... g5 $146 {This has been played in positions with c7/e2, intending xe5 after xg5 (-> variations on the 9th move). I feel, it is less justified here.} (10... Qd7 11. d4 cxd4 12. cxd4 Rc8 13. Nf1 (13. a3 $1) 13... Nb4 14. Ne3 Nf5 15. Re2 Ba6 16. Rd2 Nxe3 17. fxe3 Bh6 18. Qb3 Qb5 19. Ne1 O-O 20. a3 Na2 $1 $19 {Prudei-S.Ivanov/Leningrad/1989}) (10... Qc7 {Moiseev} 11. Qe2 h6) (10... h6 $5 {Moiseev}) 11. Nxg5 Nxe5 12. Ndf3 N5g6 $146 (12... Nxf3+ $6 {Moiseev} 13. Qxf3 O-O 14. Qh5 $16) ({RR} 12... N7g6 13. Nxe5 Nxe5 14. Rxe5 Bxe5 15. Nxf7 Kxf7 16. Qh5+ Ke7 17. Qxe5 Kd7 18. Bf4 Re8 19. Bh3 Kc6 20. Bxe6 Kb5 21. c4+ dxc4 22. Bxc4+ Kc6 23. Qh5 Rf8 24. Qf3+ {1-0 (24) Jakubovics,N (2255)-Kumaran,D (2495) Hastings 1994}) 13. d4 (13. Nxf7 $2 Kxf7 14. Ng5+ Kg8 15. Nxe6 $17 (15. Bh3 Bc8)) 13... h6 14. Nh3 Qd7 15. a4 {Because of the weak h6, the black  isn't safe after 0-0. So, White prepares opening routes on the -side.} Nc6 (15... a5 {Moiseev}) 16. Nf4 Nxf4 17. Bxf4 $16 Ba6 $6 (17... c4 $142 {Moiseev}) 18. a5 Qb7 $2 {Simply looses a .} (18... Nxa5 $4 19. b4 $18) (18... bxa5 19. dxc5 $18) (18... cxd4 19. axb6 axb6 20. cxd4 $16 (20. Bf1 Qc8) 20... O-O $6 21. Qd2 Kh7 $2 22. Rxa6 Rxa6 23. Qd3+ Kh8 24. Qxa6 $18) 19. axb6 axb6 (19... Qxb6 $2 {Moiseev} 20. dxc5 Qb7 21. Qxd5 $18) (19... cxd4 {Moiseev} 20. Nxd4 Nxd4 21. cxd4 Qxb6 (21... axb6 22. Qh5 $1 { 23 e6, 23 d5} Kf8 23. Rac1 Rc8 (23... Bc4 $2 24. Rxc4 $18) 24. Rxc8+ Qxc8 25. Rc1 $16) 22. Bxd5 $40) 20. dxc5 bxc5 (20... O-O $142 {Moiseev} 21. cxb6 Qxb6 22. Qd2 $16 Kh7) 21. Qxd5 $18 O-O 22. Qxc5 Qb5 23. Qe3 (23. Qxb5 {Moiseev} Bxb5 24. Rxa8 Rxa8 25. Ne5 $18) 23... Qxb2 24. Rab1 Qc2 (24... Qxc3 {Moiseev} 25. Qxc3 Bxc3 26. Rec1 Bd3 (26... Nd4 27. Nxd4 Bxd4 28. Bxa8 $18) 27. Rb3 $18) 25. Bxh6 Bxh6 26. Qxh6 Rab8 27. Rbc1 Qf5 28. Nh4 (28. Nh4 {Moiseev} Qc5 29. Bxc6 Qxc6 30. Nf5 $18) 1-0

[Event "Olympiad-31"]
[Site "Moscow"]
[Date "1994.12.10"]
[Round "9.1"]
[White "Vaganian, Rafael A"]
[Black "Torre, Eugenio"]
[Result "1-0"]
[WhiteElo "2645"]
[BlackElo "2520"]
[Annotator "Horn,Peter"]
[PlyCount "85"]
[EventDate "1994.12.01"]
[EventType "team-swiss"]
[EventRounds "14"]
[EventCountry "RUS"]
[SourceTitle "CBM 045"]
[Source "ChessBase"]
[SourceDate "1995.04.01"]
[SourceVersion "1"]
[SourceVersionDate "1995.04.01"]
[SourceQuality "1"]
[WhiteTeam "Armenia"]
[BlackTeam "Philippines"]
[WhiteTeamCountry "ARM"]
[BlackTeamCountry "PHI"]

1. Nf3 d5 2. g3 c6 3. Bg2 Bg4 4. d3 Nd7 5. O-O Ngf6 6. Nbd2 e5 7. e4 Bd6 (7... dxe4 8. dxe4 {is a solid line.}) 8. h3 {An important preparation.} Bh5 (8... Bxf3 $14) 9. exd5 cxd5 10. c4 O-O 11. cxd5 Nxd5 12. Qb3 N5f6 (12... N5b6 13. Ne4 Bc7 (13... Nc5 14. Nxc5 Bxc5 15. Nxe5) 14. a4 $36 (14. Bg5 $16)) ({RR} 12... N5b6 13. Ne4 Be7 14. a4 a5 15. Be3 Bb4 16. Rac1 Rc8 17. Rxc8 Nxc8 18. Qd5 Ncb6 19. Qb5 Re8 20. g4 Bg6 21. Rc1 h6 22. Nfd2 Re6 23. Nb3 Qa8 24. Rc7 Qd8 25. Rxb7 Kh7 26. Nxa5 Bxa5 27. Qxa5 {Amin,B (2694)-Yu Yangyi (2735) Biel SUI 2023 ½-½ (44)}) 13. Nc4 Bc7 $146 (13... Nc5 14. Qa3 Bxf3 15. Bxf3 Be7 16. Nxe5 Ncd7 17. Qc3 Rc8 18. Qe1 Bc5 19. Nxd7 Qxd7 $14 {Vaganian-Kaidanov/Glendale/1994}) ({RR} 13... Nc5 14. Qa3 Bxf3 15. Bxf3 Be7 16. Nxe5 Ncd7 17. Qc3 Rc8 18. Qe1 Re8 19. Nxd7 Qxd7 20. Kg2 b6 21. Qd1 Bc5 22. Rb1 a5 23. d4 Bxd4 24. Bg5 Red8 25. Rc1 Rxc1 26. Qxc1 h6 27. Bf4 Nd5 28. Bd2 {Aravindh,C (2671)-Pranav,V (2587) Dubai UAE 2024 ½-½ (52)}) ({RR} 13... Nc5 14. Qa3 Rc8 15. Nxd6 Qxd6 16. Be3 b6 17. Nxe5 Nd5 18. d4 Nxe3 19. fxe3 f6 20. g4 Be8 21. Nd3 Bb5 22. Rad1 Ne4 23. Bxe4 Qg3+ 24. Bg2 Qxe3+ 25. Kh1 Kh8 26. d5 Rfd8 27. Rfe1 Qh6 28. Qxa7 {Vaganian,R (2615)-Epishin,V (2645) Moscow 1996 1-0 (31)}) 14. Be3 $146 { xb7} (14. Qxb7 $2 Nc5 {×d3}) ({RR} 14. Qxb7 Nc5 15. Qc6 Nxd3 16. Bg5 Rc8 17. Bxf6 gxf6 18. Rad1 Bb6 19. Qe4 Bg6 20. Qh4 e4 21. Nxb6 exf3 22. Nxc8 fxg2 23. Kxg2 Qd5+ 24. Kg1 Rxc8 25. Qxf6 Rc6 26. Qe7 Re6 27. Qxa7 Qf3 28. Kh2 Re2 {House,G (2214)-White,S (2107) Newcastle on Tyne 2018 ½-½ (62)}) 14... b6 {Of course this is an ugly move, but it is hard to suggest anything better.} 15. Rfe1 Rc8 $6 (15... a6 16. d4) (15... Re8 $5) (15... Rb8 16. d4) 16. d4 Bxf3 (16... exd4 17. Nxd4 $16 {g2-a8}) (16... e4 17. Nfe5 {×c6,e4}) 17. Bxf3 e4 (17... exd4 18. Bxd4 $16) 18. Bg2 Re8 (18... a6 $1) 19. Rac1 (19. Qb5 $5) 19... h6 $2 (19... Nd5 20. Nd6 Bxd6 21. Rxc8 Qxc8 22. Qxd5 $16) (19... a6 20. a4 (20. Red1 b5) (20. Bg5 h6) 20... h6 (20... Qe7 21. Bg5 (21. Red1 $5) 21... Qf8 22. Bxf6 Nxf6 23. Nxb6 Bxb6 24. Rxc8 Rxc8 25. Qxb6 $16) 21. Red1 { d5}) 20. Qb5 $1 {Increasing the control of the white squares.} Bb8 (20... Nf8 21. Ne5 $16) 21. a4 Bc7 22. Red1 Bb8 23. b4 Qe7 24. a5 bxa5 25. bxa5 Qe6 26. d5 Qf5 27. g4 Qg6 28. d6 Rcd8 29. a6 Re6 30. Qf5 Qxf5 31. gxf5 Ree8 32. Na5 Ne5 33. Nb7 Rc8 34. Rxc8 Rxc8 35. Bd4 Ned7 36. Bxf6 gxf6 37. Bxe4 Rc3 38. Kg2 Kg7 39. Bd3 Rb3 40. Bf1 h5 41. Rd5 Rb4 (41... Kf8 42. Bb5 Ke8 43. Rc5 $18) 42. Bb5 Nf8 43. h4 (43. d7 $18) 1-0

[Event "Olympiad-31"]
[Site "Moscow"]
[Date "1994.12.10"]
[Round "9.1"]
[White "Azmaiparashvili, Zurab"]
[Black "Stefansson, Hannes"]
[Result "1-0"]
[WhiteElo "2625"]
[BlackElo "2560"]
[Annotator "Horn,Peter"]
[PlyCount "37"]
[EventDate "1994.12.01"]
[EventType "team-swiss"]
[EventRounds "14"]
[EventCountry "RUS"]
[SourceTitle "CBM 045"]
[Source "ChessBase"]
[SourceDate "1995.04.01"]
[SourceVersion "1"]
[SourceVersionDate "1995.04.01"]
[SourceQuality "1"]
[WhiteTeam "Georgia"]
[BlackTeam "Iceland"]
[WhiteTeamCountry "GEO"]
[BlackTeamCountry "ISL"]

1. Nf3 {ChessBase} d5 2. c4 d4 3. e3 c5 (3... Nc6 $10) 4. b4 f6 (4... dxe3 5. fxe3 cxb4 6. Bb2) 5. bxc5 (5. exd4 cxd4 6. c5) 5... e5 6. exd4 (6. Nxe5 $2 fxe5 7. Qh5+ Ke7 8. Qxe5+ Kf7 9. Qxd4 Qxd4 10. exd4 Be7 11. Bb2 Bf6 12. Bc3 Nh6 13. f3 Nf5 $17 {Czerwonyski-Kveinis/Warschau/1991}) 6... e4 $2 $146 (6... exd4 7. d3 Nc6 8. Be2 (8. Bb2 Bxc5 9. Nbd2 $13) (8. g3 $5) (8. Qe2+ $5 Qe7 9. Qxe7+ Bxe7 10. Ba3) 8... Bxc5 9. O-O Nge7 10. Nbd2 O-O 11. Nb3 b6 12. Rb1 a5 13. Re1 Qd6 14. Bf1 Ng6 15. Nxc5 bxc5 16. Nd2 f5 17. g3 Bd7 18. Bg2 $14 {Pirc-Kostic/YU-ch/1936}) ({RR} 6... exd4 7. Bd3 Bxc5 8. O-O Ne7 9. Ba3 Bxa3 10. Nxa3 Nbc6 11. Rc1 Bg4 12. h3 Bh5 13. Re1 O-O 14. c5 Nd5 15. Nc4 Nf4 16. Be4 Qd7 17. Qb3 Kh8 18. Nd6 f5 19. Bxc6 Qxc6 20. Re7 b6 21. Rce1 {Varriale,L (2176)-Shukhman,A (2365) chess.com INT 2025 0-1}) 7. Qe2 Qe7 (7... f5 8. d3 $16 (8. Bb2 $16)) 8. Ng1 Nc6 9. Bb2 $146 ({RR} 9. Qe3 Nh6 10. Qc3 Bf5 11. Ne2 Rd8 12. Na3 b6 13. cxb6 Nb4 14. Ng3 Bg4 15. Nc2 Nxc2+ 16. Qxc2 Rxd4 17. Qa4+ Bd7 18. bxa7 Bxa4 19. a8=Q+ Kf7 20. Qxa4 f5 21. Bb2 Qd7 22. Qxd7+ Rxd7 23. Bc3 Bc5 {Kranki,H-Ernst,W Bad Oeynhausen 1937 EXT 2007 [ChessBase] 1-0}) ({RR} 9. Qe3 Nh6 10. Qc3 Nf5 11. Ne2 Qd8 12. Bb2 b6 13. Qc2 Qe7 14. d5 Nb8 15. c6 Na6 16. Ba3 Qe5 17. Qc3 Qc7 18. Nd4 Bc5 19. Nb5 Qf4 20. Bxc5 Nxc5 21. g3 Qh6 22. Nc7+ Kf7 23. Nxa8 Re8 {Haller,Q (2042)-Di Pasquale,K (1842) Kaltern ITA 2024 1-0 (56)}) 9... Nh6 10. Na3 Bg4 (10... Nf5 11. Nc2 $16 (11. Nb5 $5 $16)) 11. f3 exf3 12. Nxf3 O-O-O 13. Qxe7 Bxe7 14. d5 $18 Ne5 15. d6 Bf8 (15... Nxf3+ 16. gxf3 Bxf3 17. dxe7 Rhe8 18. Bh3+ Kb8 19. O-O $18) 16. Be2 Bxf3 17. gxf3 Re8 18. Kf2 Nc6 19. Rhe1 1-0

[Event "Alma-Ata"]
[Site "Almaty"]
[Date "1995.??.??"]
[Round "1"]
[White "Yurtaev, Leonid"]
[Black "Barua, Dibyendu"]
[Result "1-0"]
[WhiteElo "2505"]
[BlackElo "2515"]
[PlyCount "96"]
[EventDate "1995.??.??"]
[EventType "tourn"]
[EventRounds "11"]
[EventCountry "KAZ"]
[EventCategory "9"]
[SourceTitle "EXT 2000"]
[Source "ChessBase"]
[SourceDate "1999.11.16"]
[SourceVersion "1"]
[SourceVersionDate "1999.11.16"]
[SourceQuality "1"]

1. Nf3 d5 2. g3 Nf6 3. Bg2 c6 4. d3 h6 5. O-O Bf5 6. Nc3 Nbd7 ({RR} 6... e6 7. Nd2 d4 8. Nce4 Be7 9. c3 Bxe4 10. Nxe4 Nxe4 11. Bxe4 Na6 12. Qa4 O-O 13. cxd4 Qd7 14. Bd2 Nc7 15. e3 a5 16. Rac1 Nd5 17. a3 Rad8 18. f4 Rfe8 19. Rf2 Bd6 20. f5 Bc7 21. f6 {Movsziszian,K (2527)-Burmakin,V (2611) Seville 2008 1-0}) 7. Nd2 ({RR} 7. Qe1 e5 8. e4 dxe4 9. Nh4 Bh7 10. Nxe4 Bxe4 11. dxe4 Be7 12. Nf5 O-O 13. c3 Re8 14. h3 Bf8 15. Qe2 Qc7 16. Rd1 Rab8 17. a4 Rbd8 18. b4 a5 19. Rb1 Kh7 20. Ne3 axb4 21. cxb4 Nb6 {Neagu,R (2211)-Shamsi,M (2217) chess.com INT 2024 1-0 (34)}) 7... d4 $146 ({RR} 7... e6 8. e4 Bh7 9. Kh1 Be7 10. Qe2 d4 11. Nd1 O-O 12. f4 Rc8 13. Nf2 b5 14. g4 c5 15. Nf3 Qc7 16. g5 hxg5 17. Nxg5 Bg6 18. Bf3 c4 19. f5 cxd3 20. cxd3 Qe5 21. fxg6 fxg6 22. Ngh3 {Ager,J (2239)-Astengo,M (2076) Arco 2001 1-0}) ({RR} 7... e5 8. e4 dxe4 9. Ndxe4 Bxe4 10. Nxe4 Nxe4 11. Bxe4 Be7 12. Bd2 Bf6 13. b4 Qc7 14. Rb1 g6 15. b5 c5 16. Qf3 Rb8 17. Bd5 Kf8 18. a4 Kg7 19. a5 Rhf8 20. b6 axb6 21. axb6 Qd6 22. Bxb7 {Bauer,A (2110)-Votruba,P (2216) Bayern 2005 1-0 (34)}) 8. Nce4 e5 9. Nxf6+ Nxf6 10. Nc4 e4 11. dxe4 Bxe4 12. Bxe4 Nxe4 13. e3 Bc5 14. Qg4 Nf6 15. Qf5 Qd5 16. Qxd5 Nxd5 17. exd4 Bxd4 18. Nd6+ Kd7 19. Nxb7 Rhb8 20. Rd1 Bb6 21. c4 Rxb7 22. cxd5 Re8 23. Kf1 cxd5 24. Rxd5+ Kc6 25. Rf5 Bd4 26. Rb1 f6 27. b4 Rd7 28. Bb2 Bxb2 29. Rxb2 Rd1+ 30. Kg2 Ra1 31. Rc5+ Kb6 32. Rd2 Re7 33. h4 Rb1 34. Rd6+ Kb7 35. Rb5+ Kc8 36. Rc6+ Rc7 37. Rbc5 Rxc6 38. Rxc6+ Kb7 39. Re6 Rxb4 40. Re7+ Kb6 41. Rxg7 Ra4 42. Rg6 Rxa2 43. Rxh6 a5 44. h5 Rc2 45. Rxf6+ Kb5 46. h6 a4 47. Rf8 Rc7 48. Rb8+ Kc5 1-0

[Event "Ano Liosia op"]
[Site "Ano Liosia"]
[Date "1995.??.??"]
[Round "7"]
[White "Skembris, Spyridon"]
[Black "Boensch, Uwe"]
[Result "1-0"]
[WhiteElo "2525"]
[BlackElo "2550"]
[PlyCount "113"]
[EventDate "1995.??.??"]
[EventType "swiss"]
[EventRounds "9"]
[EventCountry "GRE"]
[SourceTitle "CBM 046 Extra"]
[Source "ChessBase"]
[SourceDate "1995.07.01"]
[SourceVersion "1"]
[SourceVersionDate "1995.07.01"]
[SourceQuality "1"]

1. Nf3 {Horn,Peter} d5 2. c4 d4 3. b4 g6 4. Bb2 ({RR} 4. g3 Bg7 5. d3 e5 6. Bg2 Ne7 7. O-O O-O 8. Nbd2 a5 9. b5 c5) 4... Bg7 5. e4 ({RR} 5. d3 e5 6. Nbd2 a5 ({RR} 6... Ne7 7. Nb3) 7. a3 Ne7 8. g3 b6 ({RR} 8... c5 9. bxc5 Na6 10. a4) 9. Bg2 Bb7 10. O-O O-O 11. Re1 ({RR} 11. Qb3) 11... c5 12. Qb3 Qc7 13. e3 axb4 14. axb4 Rxa1 15. Rxa1 ({RR} 15. Bxa1 dxe3 16. Rxe3 f6) 15... dxe3 16. fxe3 cxb4 17. Qxb4 ({RR} 17. d4 exd4 18. exd4 Na6 ({RR} 18... Nbc6 19. d5 Na5 20. Qxb4 Bxb2 21. Qxb2 Nxc4)) 17... Nf5 18. Re1 Na6 19. Qc3 ({RR} 19. Qa3 Nc5) 19... Nc5 {Gulko,B (2565)-Nikolic,P (2625) Reykjavik 1991 CBM 026 [Horn,Peter] 0-1} ({RR} 19... e4 20. Nd4 Rd8 21. Nxe4 Nxd4 22. exd4 Bxd4+ 23. Qxd4 Rxd4 24. Bxd4) {RR} 20. e4 Nd4 ({RR} 20... Ne7 21. Nb3 Na4 22. Qc2 Nxb2 23. Qxb2) 21. Nxd4 exd4 22. Qc2) ({RR} 5. d3 e5 6. g3 Ne7 7. Bg2 O-O 8. Nbd2 c5 9. bxc5 Na6 10. Ng5 Nxc5 11. Nge4 Ne6 12. Ba3 Rb8 13. Rb1 b6 14. Nd6 Ba6 15. Qa4 Nc7 16. O-O f5 17. c5 bxc5 18. Bxc5 Rf6 19. N6c4 Ned5 {Guzman Lozano,C (1868)-Hrescak,I (2108) chess.com INT 2025 0-1 (37)}) 5... c6 $146 ({RR} 5... e5 6. d3 c6 7. Nbd2 a5 8. bxa5 Qxa5 9. Be2 Nf6 10. O-O O-O 11. a4 Re8 12. Ba3 {½-½ (12) Velikov,P (2475)-Luther,T (2510) Turin 1998}) ({RR} 5... e5 6. d3 Ne7 7. Be2 a5 8. b5 Nd7 9. a4 c5 10. bxc6 bxc6 11. c5 Nxc5 12. Ba3 Ne6 13. Nbd2 Ba6 14. Qc2 O-O 15. Nc4 Bxc4 16. Qxc4 c5 17. g3 Qb6 18. Nd2 h5 19. O-O Nc6 20. Rfb1 {Bezgodova,S (2147)-Novikova,A (2240) Olginka 2011 0-1 (68)}) 6. Qa4 Nh6 7. d3 O-O 8. Nbd2 b6 9. g3 a6 10. Bg2 e5 11. O-O Ra7 12. c5 b5 13. Qc2 a5 14. bxa5 Qxa5 15. a4 b4 16. Nb3 Qc7 17. Nfd2 Na6 18. f4 f6 19. Nc4 Be6 20. Bc1 Kh8 21. Bd2 Bg8 22. Bh3 Nf7 23. Be6 Qe7 24. f5 Rb8 25. Nca5 Qe8 26. Bc4 Nc7 27. g4 g5 28. Kg2 Bf8 29. Rh1 Be7 30. h4 gxh4 31. Rxh4 Bd8 32. Rah1 Na8 33. Bxf7 Rxf7 34. Nc4 Ra7 35. a5 Nc7 36. Nd6 Qd7 37. Kf3 Nb5 38. Nxb5 Rxb5 39. g5 fxg5 40. Rh6 Qf7 41. Rxc6 Rb8 42. Re6 Re7 43. Rxe7 Bxe7 44. c6 Qxb3 45. Qxb3 Bxb3 46. c7 Rc8 47. Rc1 Ba4 48. f6 Bd6 49. a6 Bd7 50. Rb1 Bxc7 51. Rxb4 Ba5 52. Rb1 Bc7 53. a7 Ra8 54. Rb7 Bd6 55. Rxd7 Bc5 56. Rb7 h6 57. Rb8+ 1-0

[Event "Bermuda-A"]
[Site "Bermuda"]
[Date "1995.??.??"]
[Round "4"]
[White "Norwood, David"]
[Black "Polgar, Sofia"]
[Result "1-0"]
[WhiteElo "2545"]
[BlackElo "2500"]
[Annotator "Horn,Peter"]
[PlyCount "57"]
[EventDate "1995.01.??"]
[EventType "tourn"]
[EventRounds "9"]
[EventCountry "BER"]
[EventCategory "10"]
[SourceTitle "CBM 046"]
[Source "ChessBase"]
[SourceDate "1995.06.01"]
[SourceVersion "1"]
[SourceVersionDate "1995.06.01"]
[SourceQuality "1"]

1. Nf3 d5 2. b3 Nf6 3. Bb2 Bf5 4. g3 e6 5. d3 ({RR} 5. Nh4 Be4 6. f3 Bg6 7. Bg2 c5 8. Nxg6 hxg6 9. e4 Nc6 10. Qe2 Nd4 11. Bxd4 cxd4 12. Qb5+ Qd7 13. Qxd7+ Kxd7 14. e5 Ng8 15. c4 dxc3 16. Nxc3 Ne7 17. f4 Nf5 18. Ne2 Rc8 19. Kd1 Ba3 {Nakamura,H (2787)-Grischuk,A (2767) Moscow 2018 1-0 (40)}) 5... Be7 6. Nbd2 $146 ({RR} 6. Nh4 Bg6 7. Nxg6 hxg6 8. e3 Nbd7 9. Bg2 c6 10. Qe2 Qa5+ 11. c3 g5 12. h3 O-O-O 13. Nd2 Ba3 14. b4 Qa6 15. O-O-O c5 16. bxc5 Nxc5 17. Nb1 Bxb2+ 18. Kxb2 Rd6 19. Qc2 Rb6+ 20. Kc1 Kb8 {Sotnikov,A (2301)-Gutenev,A (2314) Cheliabinsk 2009 0-1 (43)}) ({RR} 6. Bg2 O-O 7. O-O Nc6 8. Nbd2 Qd7 9. a3 a5 10. Qe1 Rfd8 11. Rd1 h6 12. Nh4 Bh7 13. Nhf3 Qe8 14. e4 dxe4 15. dxe4 Nxe4 16. Nxe4 Rxd1 17. Qxd1 Bxe4 18. Qe2 Bg6 19. Rd1 Rd8 20. h4 Rxd1+ {Antoniou,R (2053)-Arnold,K chess.com INT 2024 0-1 (54)}) 6... O-O (6... h6) 7. Nh4 Bg4 8. h3 Bh5 9. g4 Nfd7 10. Ng2 Bg6 11. e3 (11. Nf4 {seems logical, but it neglects the development.}) 11... e5 (11... Bf6 12. Bxf6 Qxf6 13. f4 $13) 12. Qf3 c6 (12... e4 $5 13. dxe4 dxe4 14. Nxe4 Bxe4 15. Qxe4 Bf6 $132) 13. h4 h6 $2 (13... f6 $1) 14. Qg3 Re8 (14... f5 $13) 15. Be2 Bb4 $2 {This  seems to be much more valuable than d2.} (15... e4 $6 16. Nf4 Bd6 (16... Bh7 17. g5 $40) 17. g5 $36) (15... a5 $5) 16. a3 $1 Bxd2+ 17. Kxd2 $16 c5 { d4 (ץb2)} 18. f4 exf4 (18... f6 19. g5 $40) (18... d4 19. f5 Bh7 20. Bf3 $40) 19. Nxf4 $1 Nf8 20. g5 hxg5 21. hxg5 d4 22. exd4 cxd4 23. Qh2 Bh7 $8 24. g6 fxg6 $8 25. Bf3 Re5 (25... Nc6 26. Bd5+ Kh8 27. Qxh7+ Nxh7 28. Nxg6#) 26. Bxb7 Nc6 27. Bxc6 Rc8 28. Qg2 g5 29. Bd5+ (29. Bd5+ Kh8 30. Rxh7+ Kxh7 (30... Nxh7 31. Ng6#) 31. Rh1#) 1-0

[Event "HUN-ch"]
[Site "Budapest"]
[Date "1995.??.??"]
[Round "11"]
[White "Adorjan, Andras"]
[Black "Polgar, Sofia"]
[Result "1-0"]
[WhiteElo "2530"]
[BlackElo "2500"]
[PlyCount "55"]
[EventDate "1995.01.??"]
[EventType "tourn"]
[EventRounds "11"]
[EventCountry "HUN"]
[EventCategory "10"]
[SourceTitle "CBM 046"]
[Source "ChessBase"]
[SourceDate "1995.06.01"]
[SourceVersion "1"]
[SourceVersionDate "1995.06.01"]
[SourceQuality "1"]

1. Nf3 d5 2. h3 Nd7 ({RR} 2... Nf6 3. e3 e6 4. c4 Bd6 5. b3 O-O 6. Bb2 c5 7. cxd5 exd5 8. d4 Nc6 9. Nbd2 cxd4 10. Nxd4 Nxd4 11. Bxd4 Qe7 12. Bd3 Be5 13. Nf3 Bxd4 14. Nxd4 Bd7 15. O-O Rac8 16. Qd2 Rc7 17. Rac1 {Nakamura,H (2788)-Bluebaum,M (2658) chess.com INT 2024 ½-½ (115)}) ({RR} 2... e6 3. e3 Bd6 4. b3 Nf6 5. Bb2 c5 6. c4 b6 7. cxd5 exd5 8. Bb5+ Bd7 9. Nc3 Nc6 10. d4 a6 11. dxc5 Bxc5 12. Be2 Be6 13. O-O d4 14. Na4 dxe3 15. Qxd8+ Nxd8 16. Nxc5 exf2+ 17. Kxf2 {Prasannaa,S (2213)-Sachi Jain (1842) Chennai IND 2024 ½-½ (52)}) 3. d4 Ngf6 $146 ({RR} 3... f5 4. Bf4 Ngf6 5. e3 e6 6. Be2 c6 7. O-O Be7 8. c4 O-O 9. Nbd2 Ne4 10. Rc1 Ndf6 11. a3 h6 12. Ne5 g5 13. Bh2 Kh7 14. f3 Nxd2 15. Qxd2 Bd7 16. Bd3 Be8 17. g4 Nd7 18. cxd5 {Shabanay,L-Peev,K (1631) Struga 2012 0-1 (62)}) 4. e3 e6 5. c4 Be7 6. Nc3 O-O 7. b3 b6 8. Bb2 Bb7 9. Bd3 dxc4 10. bxc4 c5 11. O-O cxd4 12. exd4 Re8 13. Re1 Bf8 14. Qe2 a6 15. Rad1 Qc7 16. a3 g6 17. Ng5 Bg7 18. Nge4 Nxe4 19. Nxe4 f5 20. Ng5 e5 21. c5 b5 22. Bc4+ Kf8 23. Ne6+ Rxe6 24. Bxe6 Re8 25. Bxd7 Qxd7 26. d5 Bxd5 27. Qd2 Rd8 28. Bxe5 1-0